| 000 | 004040000a22001690004500 | ||
|---|---|---|---|
| 003 | MACL | ||
| 005 | 20150903130326.0 | ||
| 008 | 150903b xxu||||| |||| 00| 0 eng d | ||
| 040 |
_aMACL _cMACL |
||
| 041 | _aEnglish | ||
| 082 | _a800/MIT | ||
| 100 |
_aMitra, Asok _98852 |
||
| 245 | _aFour Painters | ||
| 260 |
_bNew Age Publishers _c1965 _aCalcutta |
||
| 650 |
_aLiterature _98853 |
||
| 942 |
_cBK _k800 _2ddc |
||
| 999 |
_c6803 _d6803 |
||